000
00233nam a2200109Ia 4500
008
230320s9999||||xx |||||||||||||| ||spa||
082
_a
182/A55
100
_a
Anaxagoras
245
0
_a
Fragmentos
260
_b
Aguilar
942
_8
0
_c
LIB
999
_c
26094
_d
26094